[Event "BL2 Ost 1617 (Women)"]
[White "Kuckling, Hannah"]
[Black "Cyfka, Karina"]
[Site "Germany"]
[Round "3.1"]
[Result "0-1"]
[Date "2017.01.21"]
[WhiteElo "2043"]
[BlackElo "2414"]
[PlyCount "76"]
[EventDate "2016.10.22"]
[EventType "team-tourn"]
[EventRounds "7"]
[EventCountry "GER"]
[SourceTitle "EXT 2018"]
[Source "ChessBase"]
[SourceDate "2017.10.13"]
[SourceVersion "1"]
[SourceVersionDate "2017.10.13"]
[SourceQuality "1"]
[WhiteTeam "Paderborn (W)"]
[BlackTeam "Leipzig Allianz (W)"]
[WhiteTeamCountry "GER"]
[BlackTeamCountry "GER"]

1. e4 e5 2. Nf3 Nc6 3. Bb5 a6 4. Ba4 Nf6 5. 0-0 Be7 6. Re1 b5 7. Bb3 0-0 8. d4 d6 9. c3 Nd7 10. Nbd2 Bf6 11. Nf1 Nb6 12. h3 Na5 13. Bc2 c5 14. g4 cxd4 15. cxd4 Nc6 16. Ng3 g6 17. Kg2 exd4 18. Ne2 Nb4 19. Bb3 d3 20. Nf4 Nc4 21. Nxd3 Nc6 22. Bxc4 bxc4 23. Nf4 Ne5 24. Nxe5 Bxe5 25. Qd5 Bd7 26. Qxc4 Rc8 27. Qxa6 Rxc1 28. Raxc1 Bxf4 29. Rc2 Be5 30. Qd3 Be6 31. b4 h5 32. Qe2 Kg7 33. Rh1 Rh8 34. f3 Qf6 35. Qd2 hxg4 36. fxg4 Bxg4 37. hxg4 Rxh1 38. Kxh1 Qf1# 0-1

[Event "BL2 West 1516 (Women) playoff"]
[White "Sherif, Amina"]
[Black "Kuckling, Hannah"]
[Site "Germany"]
[Round "1.1"]
[Result "1/2-1/2"]
[Date "2016.04.03"]
[WhiteElo "2048"]
[BlackElo "2003"]
[PlyCount "85"]
[EventDate "2016.04.03"]
[EventType "team-match"]
[EventRounds "1"]
[EventCountry "GER"]
[SourceTitle "EXT 2017"]
[Source "ChessBase"]
[SourceDate "2016.10.25"]
[SourceVersion "1"]
[SourceVersionDate "2016.10.25"]
[SourceQuality "1"]
[WhiteTeam "Heiden (W)"]
[BlackTeam "Paderborn (W)"]
[WhiteTeamCountry "GER"]
[BlackTeamCountry "GER"]

1. Nf3 d5 2. d4 e6 3. e3 a6 4. Bd3 Nf6 5. Nbd2 c5 6. 0-0 c4 7. Be2 Nc6 8. c3 b5 9. Qc2 Bb7 10. e4 dxe4 11. Nxe4 Nxe4 12. Qxe4 Qd7 13. Bf4 Ne7 14. Qc2 Ng6 15. Bg3 Be7 16. a4 0-0 17. axb5 axb5 18. b3 Bd5 19. bxc4 bxc4 20. Rfd1 Qc6 21. Ne1 Nh4 22. Bxh4 Bxh4 23. Bf3 Bf6 24. Bxd5 exd5 25. Qf5 Qb7 26. Rab1 Qc6 27. Nc2 Rfd8 28. Nb4 Qe6 29. Qf3 h6 30. Ra1 Rxa1 31. Rxa1 Be7 32. Nc2 Qf6 33. Qxf6 Bxf6 34. Ne3 Bg5 35. Ra5 Bxe3 36. fxe3 Kf8 37. Kf2 Ke7 38. e4 dxe4 39. Rc5 Ra8 40. Ke3 Ra3 41. Rxc4 f5 42. Rc5 Ke6 43. Rc6+ 1/2-1/2

[Event "GER-chT Lands U20"]
[White "Kuckling, Hannah"]
[Black "Meric, Geoffrey"]
[Site "Hannover"]
[Round "7.4"]
[Result "1-0"]
[Date "2015.10.07"]
[WhiteElo "1972"]
[BlackElo "1696"]
[PlyCount "173"]
[EventDate "2015.10.03"]
[EventType "team-swiss"]
[EventRounds "7"]
[EventCountry "GER"]
[SourceTitle "CBM 168 Extra"]
[Source "ChessBase"]
[SourceDate "2015.10.29"]
[SourceVersion "1"]
[SourceVersionDate "2015.10.29"]
[SourceQuality "1"]
[WhiteTeam "Nordrhein Westfalen (U20)"]
[BlackTeam "Niedersachsen (U20) II"]
[WhiteTeamCountry "GER"]
[BlackTeamCountry "GER"]

1. e4 c5 2. Nc3 Nc6 3. Bb5 Nd4 4. Bc4 g6 5. Nge2 Bg7 6. Nxd4 cxd4 7. Qf3 Nf6 8. Ne2 e5 9. d3 0-0 10. h4 d5 11. exd5 Bg4 12. Qg3 Bxe2 13. Kxe2 Nxd5 14. h5 e4 15. dxe4 Re8 16. hxg6 hxg6 17. Qf3 Rc8 18. Bb3 f5 19. Kf1 Rxe4 20. Qg3 Qa5 21. Bd2 Qb5+ 22. Qd3 Qc5 23. Bb4 Qc6 24. Qg3 Re6 25. Bd2 a5 26. a4 Rce8 27. Kg1 b6 28. Qf3 Re4 29. Rd1 Kf8 30. Rh7 Nf6 31. Rh3 Qc7 32. Rg3 Ng4 33. Bd5 Re2 34. Rxg4 Rxd2 35. Rxg6 Rxd1+ 36. Qxd1 Qf4 37. g3 Qe5 38. Bb3 f4 39. Qf3 Qe1+ 40. Kg2 Qe4 41. Rxb6 Qxf3+ 42. Kxf3 fxg3 43. Kxg3 d3 44. cxd3 Bxb2 45. Rb7 Re7 46. Rb5 Bc3 47. Bc4 Kg7 48. f4 Rd7 49. Kg4 Rd6 50. Rb7+ Kf6 51. Rf7+ Kg6 52. Rc7 Bb4 53. Bg8 Kf6 54. Bh7 Rd4 55. Be4 Bd2 56. Rc6+ Kf7 57. Kf5 Rd7 58. Rh6 Kg7 59. Rh2 Be3 60. Ke6 Rd6+ 61. Ke7 Bxf4 62. Rf2 Be5 63. Rf5 Bh2 64. Rf7+ Kg8 65. Rf2 Rh6 66. Rf8+ Kg7 67. Rf7+ Kg8 68. Rf5 Bd6+ 69. Ke8 Kg7 70. Rxa5 Kf6 71. Kd7 Be5 72. Ra6+ Kg5 73. Rxh6 Kxh6 74. a5 Kg7 75. a6 Bd4 76. Kc6 Kf6 77. Kb7 Ke5 78. a7 Bxa7 79. Kxa7 Kd6 80. Kb6 Kd7 81. Bc6+ Kd8 82. d4 Kc8 83. d5 Kd8 84. Kb7 Ke7 85. Kc7 Kf8 86. d6 Kf7 87. d7 1-0

[Event "GER-chT Lands U20"]
[White "Engel, Luis"]
[Black "Kuckling, Hannah"]
[Site "Hannover"]
[Round "6.4"]
[Result "1-0"]
[Date "2015.10.06"]
[WhiteElo "2155"]
[BlackElo "1972"]
[PlyCount "59"]
[EventDate "2015.10.03"]
[EventType "team-swiss"]
[EventRounds "7"]
[EventCountry "GER"]
[SourceTitle "CBM 168 Extra"]
[Source "ChessBase"]
[SourceDate "2015.10.29"]
[SourceVersion "1"]
[SourceVersionDate "2015.10.29"]
[SourceQuality "1"]
[WhiteTeam "Hamburg (U20)"]
[BlackTeam "Nordrhein Westfalen (U20)"]
[WhiteTeamCountry "GER"]
[BlackTeamCountry "GER"]

1. d4 d5 2. c4 e6 3. Nc3 a6 4. cxd5 exd5 5. Nf3 c6 6. Bf4 Bd6 7. Bxd6 Qxd6 8. e3 Ne7 9. Bd3 0-0 10. Qc2 g6 11. 0-0 Bf5 12. Bxf5 Nxf5 13. e4 dxe4 14. Nxe4 Qb4 15. Rad1 Nd7 16. d5 cxd5 17. Rxd5 Rac8 18. Qb1 Nc5 19. Nf6+ Kg7 20. Rxf5 gxf5 21. Qxf5 Ne6 22. Qe5 Qc5 23. Nd5+ Kg8 24. b4 Qxd5 25. Qxd5 Rc7 26. Ng5 Rc6 27. Nxe6 Rxe6 28. Qxb7 Rfe8 29. h3 R8e7 30. Qf3 1-0

[Event "GER-chT Lands U20"]
[White "Kuckling, Hannah"]
[Black "Hofmann, Rares"]
[Site "Hannover"]
[Round "5.4"]
[Result "0-1"]
[Date "2015.10.05"]
[WhiteElo "1972"]
[BlackElo "2075"]
[PlyCount "66"]
[EventDate "2015.10.03"]
[EventType "team-swiss"]
[EventRounds "7"]
[EventCountry "GER"]
[SourceTitle "CBM 168 Extra"]
[Source "ChessBase"]
[SourceDate "2015.10.29"]
[SourceVersion "1"]
[SourceVersionDate "2015.10.29"]
[SourceQuality "1"]
[WhiteTeam "Nordrhein Westfalen (U20)"]
[BlackTeam "Sachsen (U20)"]
[WhiteTeamCountry "GER"]
[BlackTeamCountry "GER"]

1. e4 c5 2. Nc3 a6 3. g4 b5 4. Bg2 Bb7 5. d3 e6 6. Be3 Be7 7. Qe2 Nc6 8. f4 Nd4 9. Qd2 Qc7 10. Nd1 Nc6 11. Nf3 Nf6 12. h3 d5 13. e5 Nd7 14. c3 0-0-0 15. b3 g5 16. d4 gxf4 17. Bxf4 cxd4 18. cxd4 Bb4 19. Nc3 Nxd4 20. Rc1 Nxf3+ 21. Bxf3 d4 22. Qxd4 Nc5 23. Qe3 Rd3 24. 0-0 Rxe3 25. Bxe3 Qxe5 26. Bf4 Qd4+ 27. Kg2 Bxc3 28. Rfd1 Qxf4 29. Rxc3 Bxf3+ 30. Rxf3 Qc7 31. Rc3 Rd8 32. Rxd8+ Kxd8 33. b4 Qb7+ 0-1

[Event "GER-chT Lands U20"]
[White "Tong, Kevin"]
[Black "Kuckling, Hannah"]
[Site "Hannover"]
[Round "4.4"]
[Result "1/2-1/2"]
[Date "2015.10.05"]
[WhiteElo "1966"]
[BlackElo "1972"]
[PlyCount "91"]
[EventDate "2015.10.03"]
[EventType "team-swiss"]
[EventRounds "7"]
[EventCountry "GER"]
[SourceTitle "CBM 168 Extra"]
[Source "ChessBase"]
[SourceDate "2015.10.29"]
[SourceVersion "1"]
[SourceVersionDate "2015.10.29"]
[SourceQuality "1"]
[WhiteTeam "Bayern (U20)"]
[BlackTeam "Nordrhein Westfalen (U20)"]
[WhiteTeamCountry "GER"]
[BlackTeamCountry "GER"]

1. e4 c5 2. Nf3 e6 3. d4 cxd4 4. Nxd4 Nc6 5. Nc3 Qc7 6. Be2 a6 7. 0-0 Nf6 8. Be3 d6 9. f4 Be7 10. Qe1 Nxd4 11. Bxd4 e5 12. Be3 b5 13. a3 Bb7 14. Bf3 exf4 15. Bxf4 0-0 16. Rd1 Rad8 17. Kh1 Rd7 18. Qg3 Qc4 19. Rde1 b4 20. axb4 Qxb4 21. e5 dxe5 22. Bxe5 Bxf3 23. Rxf3 Qg4 24. Qf2 Nh5 25. Qe2 Qg6 26. Ra1 Ra8 27. Rff1 h6 28. Rfd1 Rxd1+ 29. Rxd1 Nf6 30. Ra1 Qg5 31. Bxf6 Bxf6 32. Ne4 Qe5 33. Nxf6+ Qxf6 34. Qf3 Qxf3 35. gxf3 Rb8 36. b3 Rc8 37. c4 Rc6 38. Kg2 Kf8 39. Re1 Rd6 40. Kf2 Rd3 41. Rb1 Rd2+ 42. Kg3 Rc2 43. h3 g6 44. Kf4 Rc3 45. h4 Kg7 46. Ke4 1/2-1/2

[Event "BL2 West 1516 (Women)"]
[White "Kuckling, Hannah"]
[Black "Kickert, Germaine Helene"]
[Site "Germany"]
[Round "1.1"]
[Result "0-1"]
[Date "2015.09.26"]
[WhiteElo "1988"]
[BlackElo "1969"]
[PlyCount "72"]
[EventDate "2015.09.26"]
[EventType "team-tourn"]
[EventRounds "7"]
[EventCountry "GER"]
[SourceTitle "EXT 2017"]
[Source "ChessBase"]
[SourceDate "2016.10.25"]
[SourceVersion "1"]
[SourceVersionDate "2016.10.25"]
[SourceQuality "1"]
[WhiteTeam "Paderborn (W)"]
[BlackTeam "Delmenhorst (W)"]
[WhiteTeamCountry "GER"]
[BlackTeamCountry "GER"]

1. e4 e6 2. d4 d5 3. Nd2 Nf6 4. e5 Nfd7 5. Bd3 c5 6. c3 Nc6 7. Ne2 cxd4 8. cxd4 f6 9. exf6 Nxf6 10. 0-0 Bd6 11. Nf3 Qc7 12. Bg5 0-0 13. Rc1 Ng4 14. Ng3 e5 15. dxe5 Ngxe5 16. Nxe5 Bxe5 17. Bb1 Qf7 18. Qd3 g6 19. Bh6 Bxb2 20. Rc5 Rd8 21. Bg5 Bf6 22. Bxf6 Qxf6 23. Rxd5 Rxd5 24. Qxd5+ Be6 25. Ne4 Qf7 26. Qb5 Bc4 27. Qb2 Bxf1 28. Kxf1 Qc4+ 29. Kg1 Rd8 30. h3 Qb4 31. Qc2 Nd4 32. Nf6+ Kf7 33. Qc7+ Qe7 34. Qxe7+ Kxe7 35. Nxh7 Nf3+ 36. Kf1 Nd2+ 0-1

[Event "GER-chT Federal Cup (Women)"]
[White "Dirmeier, Carolin"]
[Black "Kuckling, Hannah"]
[Site "Braunfels"]
[Round "2.4"]
[Result "0-1"]
[Date "2015.06.05"]
[WhiteElo "1998"]
[BlackElo "1977"]
[PlyCount "116"]
[EventDate "2015.06.04"]
[EventType "team-swiss"]
[EventRounds "5"]
[EventCountry "GER"]
[SourceTitle "CBM 167 Extra"]
[Source "ChessBase"]
[SourceDate "2015.09.14"]
[SourceVersion "1"]
[SourceVersionDate "2015.09.14"]
[SourceQuality "1"]
[WhiteTeam "Bayern (W)"]
[BlackTeam "Nordrhein Westfalen (W)"]
[WhiteTeamCountry "GER"]
[BlackTeamCountry "GER"]

1. e4 c5 2. Nf3 e6 3. d4 cxd4 4. Nxd4 Nc6 5. Nc3 Qc7 6. Be3 a6 7. Qd2 Nf6 8. 0-0-0 Bb4 9. f3 Ne7 10. Nde2 b5 11. g4 Bb7 12. Bg5 d5 13. Bxf6 gxf6 14. g5 dxe4 15. fxe4 Bxe4 16. Rg1 Nd5 17. Qd4 Bg6 18. Ne4 Ba5 19. c3 Bb6 20. Nxf6+ Nxf6 21. Qxf6 Be3+ 22. Rd2 Bxd2+ 23. Kxd2 Qd8+ 24. Nd4 Qxf6 25. gxf6 0-0-0 26. Rg5 Rd5 27. Rxd5 exd5 28. a4 bxa4 29. Bxa6+ Kc7 30. Bb5 Ra8 31. Bc6 Ra6 32. Bxd5 Rxf6 33. Ke3 Rb6 34. b4 Kd6 35. Bc4 a3 36. Kd2 Rb8 37. Ba2 Be4 38. Ke3 Bd5 39. c4 Re8+ 40. Kd3 Be4+ 41. Kc3 Ke5 42. Nb3 Rg8 43. Nc5 Rg2 44. Kb3 Rxh2 45. Kxa3 Bf5 46. Bb3 Kd4 47. Ka4 Bc2 48. Kb5 h5 49. Ba2 h4 50. Kc6 Be4+ 51. Nxe4 Rxa2 52. Ng5 Kxc4 53. b5 Rg2 54. Nh3 Rg6+ 55. Kd7 Kxb5 56. Ke7 Rg3 57. Nf2 h3 58. Nh1 Rg1 0-1

[Event "GER-chT U20 Girls"]
[White "Kuckling, Hannah"]
[Black "Duessler, Stefanie"]
[Site "Naumburg Saale"]
[Round "5.1"]
[Result "1-0"]
[Date "2014.12.29"]
[WhiteElo "2016"]
[BlackElo "2122"]
[PlyCount "61"]
[EventDate "2014.12.27"]
[EventType "team-swiss"]
[EventRounds "7"]
[EventCountry "GER"]
[SourceTitle "EXT 2016"]
[Source "ChessBase"]
[SourceDate "2015.10.08"]
[SourceVersion "1"]
[SourceVersionDate "2015.10.08"]
[SourceQuality "1"]
[WhiteTeam "Paderborn"]
[BlackTeam "Lehrte"]
[WhiteTeamCountry "GER"]
[BlackTeamCountry "GER"]

1. e4 c5 2. Nc3 Nc6 3. Bb5 Nd4 4. Bc4 g6 5. Nge2 Bg7 6. Nxd4 cxd4 7. Qf3 Nh6 8. Ne2 0-0 9. d3 Ng4 10. Bb3 d6 11. h3 Ne5 12. Qg3 a5 13. a4 Nd7 14. f4 Nc5 15. Bc4 Qc7 16. b3 Be6 17. f5 Bxc4 18. bxc4 Nxe4 19. dxe4 d3 20. Qxd3 Bxa1 21. c3 Qc6 22. 0-0 Qxa4 23. Bh6 Rfc8 24. Qd4 f6 25. Qd5+ Kh8 26. fxg6 hxg6 27. Qf7 Rg8 28. Rf4 Qd1+ 29. Kf2 Bxc3 30. Bg7+ Rxg7 31. Rh4+ 1-0

[Event "GER-chT U20 Girls"]
[White "Reck, Jessica"]
[Black "Kuckling, Hannah"]
[Site "Naumburg Saale"]
[Round "6.1"]
[Result "0-1"]
[Date "2014.12.29"]
[WhiteElo "1527"]
[BlackElo "2016"]
[PlyCount "66"]
[EventDate "2014.12.27"]
[EventType "team-swiss"]
[EventRounds "7"]
[EventCountry "GER"]
[SourceTitle "EXT 2016"]
[Source "ChessBase"]
[SourceDate "2015.10.08"]
[SourceVersion "1"]
[SourceVersionDate "2015.10.08"]
[SourceQuality "1"]
[WhiteTeam "Leegebruch"]
[BlackTeam "Paderborn"]
[WhiteTeamCountry "GE2"]
[BlackTeamCountry "GER"]

1. d4 c5 2. d5 Nf6 3. c4 e5 4. Nc3 d6 5. g3 Be7 6. Bg2 Nbd7 7. e4 0-0 8. Nf3 Re8 9. 0-0 Nf8 10. Ne1 Ng6 11. Nd3 h6 12. h3 Nh7 13. f4 exf4 14. Bxf4 Bg5 15. Qf3 Bxf4 16. Nxf4 Ng5 17. Qh5 Ne5 18. Kh2 Nxc4 19. Qe2 Ne5 20. Nh5 Bd7 21. Rf2 Qc8 22. Nf4 a6 23. Qf1 b5 24. Kh1 b4 25. Nce2 Bb5 26. h4 Nh7 27. Bh3 Qc7 28. Qg2 Nf6 29. Re1 Nfg4 30. Bxg4 Nxg4 31. Rf3 Rxe4 32. Qg1 Rae8 33. Qf1 Qe7 0-1

[Event "GER-chT Lands U20"]
[White "Kuckling, Hannah"]
[Black "Muckle, Julius"]
[Site "Hannover"]
[Round "7.4"]
[Result "0-1"]
[Date "2014.10.07"]
[WhiteElo "2013"]
[BlackElo "1995"]
[PlyCount "70"]
[EventDate "2014.10.03"]
[EventType "team-swiss"]
[EventRounds "7"]
[EventCountry "GER"]
[SourceTitle "CBM 162 Extra"]
[Source "ChessBase"]
[SourceDate "2014.10.17"]
[SourceVersion "1"]
[SourceVersionDate "2014.10.17"]
[SourceQuality "1"]
[WhiteTeam "Nordrhein Westfalen"]
[BlackTeam "Rheinland Pfalz"]
[WhiteTeamCountry "GER"]
[BlackTeamCountry "GER"]

1. e4 e6 2. d4 d5 3. Nd2 dxe4 4. Nxe4 Bd7 5. Nf3 Bc6 6. Neg5 Bxf3 7. Qxf3 Nf6 8. Qxb7 Nbd7 9. Bd3 Bd6 10. 0-0 0-0 11. c4 c5 12. Qf3 cxd4 13. Qh3 h6 14. Nxe6 Bxh2+ 15. Kxh2 fxe6 16. Qxe6+ Kh8 17. Kg1 Nc5 18. Qh3 Nxd3 19. Qxd3 Qd6 20. b3 Ng4 21. Qh3 Qg6 22. Bb2 Rad8 23. Rad1 Nxf2 24. Rxf2 Rxf2 25. Bxd4 Rff8 26. Qh4 Kh7 27. Re1 Rde8 28. Bxa7 Rf4 29. Qxf4 Rxe1+ 30. Kh2 Qh5+ 31. Kg3 Re5 32. Qd4 Rg5+ 33. Kf2 Qg6 34. Qe3 Rxg2+ 35. Kf1 Rxa2 0-1

[Event "GER-chT Lands U20"]
[White "Grunau, Christoph"]
[Black "Kuckling, Hannah"]
[Site "Hannover"]
[Round "6.3"]
[Result "1-0"]
[Date "2014.10.06"]
[WhiteElo "2126"]
[BlackElo "2013"]
[PlyCount "87"]
[EventDate "2014.10.03"]
[EventType "team-swiss"]
[EventRounds "7"]
[EventCountry "GER"]
[SourceTitle "CBM 162 Extra"]
[Source "ChessBase"]
[SourceDate "2014.10.17"]
[SourceVersion "1"]
[SourceVersionDate "2014.10.17"]
[SourceQuality "1"]
[WhiteTeam "Baden"]
[BlackTeam "Nordrhein Westfalen"]
[WhiteTeamCountry "GER"]
[BlackTeamCountry "GER"]

1. e4 c5 2. Nf3 e6 3. d4 cxd4 4. Nxd4 Nc6 5. Nb5 d6 6. c4 a6 7. N5c3 Nf6 8. Be2 Be7 9. Be3 0-0 10. 0-0 Ne5 11. Na3 b6 12. f3 Qc7 13. Rc1 Bb7 14. Qe1 Rfe8 15. Qf2 Ned7 16. Rfd1 Rac8 17. Kh1 Bd8 18. Nab5 axb5 19. Nxb5 Qb8 20. Nxd6 Bc7 21. Nxe8 Rxe8 22. Qg1 Bc6 23. b4 Nf8 24. b5 Ba8 25. c5 bxc5 26. Bxc5 Nh5 27. Ba7 Bxh2 28. Bxb8 Bxg1 29. Kxg1 Rxb8 30. a4 Nf4 31. Bf1 e5 32. Rc2 N8e6 33. g3 Ng6 34. Rdc1 Bb7 35. Kf2 Nd4 36. Rc7 Nf8 37. R7c3 Ra8 38. Rc7 Nb3 39. R1c3 Na5 40. Bc4 Ne6 41. Bxe6 fxe6 42. Re7 Rf8 43. Ke2 Rf6 44. Rcc7 1-0

[Event "GER-chT Lands U20"]
[White "Kuckling, Hannah"]
[Black "Pfreundt, Jakob"]
[Site "Hannover"]
[Round "1.3"]
[Result "1/2-1/2"]
[Date "2014.10.03"]
[WhiteElo "2013"]
[BlackElo "2036"]
[PlyCount "84"]
[EventDate "2014.10.03"]
[EventType "team-swiss"]
[EventRounds "7"]
[EventCountry "GER"]
[SourceTitle "CBM 162 Extra"]
[Source "ChessBase"]
[SourceDate "2014.10.17"]
[SourceVersion "1"]
[SourceVersionDate "2014.10.17"]
[SourceQuality "1"]
[WhiteTeam "Nordrhein Westfalen"]
[BlackTeam "Hamburg"]
[WhiteTeamCountry "GER"]
[BlackTeamCountry "GER"]

1. e4 c5 2. Nc3 Nc6 3. Bb5 Nd4 4. Bc4 e6 5. Nge2 Nf6 6. 0-0 d6 7. d3 Nxe2+ 8. Qxe2 Be7 9. Bb3 0-0 10. f4 Rb8 11. a4 b6 12. g4 Nd7 13. g5 g6 14. h4 h6 15. h5 hxg5 16. hxg6 fxg6 17. Bxe6+ Kg7 18. Nd5 Nf6 19. Nxe7 Qxe7 20. Bxc8 Rbxc8 21. fxg5 Nh5 22. Bd2 d5 23. Qg4 d4 24. Kg2 Rce8 25. Rae1 Qe5 26. c3 Qd6 27. cxd4 cxd4 28. Rc1 Kg8 29. Rxf8+ Rxf8 30. Rc4 Rf7 31. Bb4 Qe5 32. Rc8+ Kg7 33. Rc4 Nf4+ 34. Kg1 Ne6 35. Bd2 Rf8 36. Bb4 Rf4 37. Qg2 Nxg5 38. Bd6 Nh3+ 39. Qxh3 Qg5+ 40. Kh2 Rh4 41. Rc7+ Kg8 42. Rc8+ Kf7 1/2-1/2

[Event "Dortmund Sparkassen op-A"]
[White "Steinle, Carsten"]
[Black "Kuckling, Hannah"]
[Site "Dortmund"]
[Round "1"]
[Result "0-1"]
[Date "2014.07.12"]
[WhiteElo "2186"]
[BlackElo "1994"]
[PlyCount "84"]
[EventDate "2014.07.12"]
[EventType "swiss"]
[EventRounds "9"]
[EventCountry "GER"]
[SourceTitle "CBM 161 Extra"]
[Source "ChessBase"]
[SourceDate "2014.08.29"]
[SourceVersion "1"]
[SourceVersionDate "2014.08.29"]
[SourceQuality "1"]

1. Nf3 Nf6 2. d4 g6 3. Bf4 Bg7 4. h3 0-0 5. e3 d6 6. Be2 Nbd7 7. 0-0 Qe8 8. c4 e5 9. Bh2 Qe7 10. Nc3 c6 11. Qc2 Nh5 12. b4 f5 13. dxe5 dxe5 14. c5 f4 15. Nd2 Ndf6 16. exf4 Nxf4 17. Bxf4 exf4 18. Rfe1 Qc7 19. Rad1 Bf5 20. Qb3+ Kh8 21. Nc4 Ne8 22. Bf3 Rd8 23. Rxd8 Qxd8 24. Ne4 Be6 25. Qc2 Qd4 26. Ned6 Nxd6 27. Nxd6 Bd5 28. Bxd5 Qxd5 29. Nxb7 f3 30. Qe4 Qxa2 31. g3 Qd2 32. Qe7 Qxb4 33. Nd8 Qd2 34. Nxc6 a5 35. Qe4 a4 36. Ne5 a3 37. Nc4 Qc3 38. Re3 Qc1+ 39. Re1 Qh6 40. Ne5 a2 41. h4 Qd2 42. c6 Qc3 0-1

[Event "GER-chT Federal Cup (Women)"]
[White "Just, Anita"]
[Black "Kuckling, Hannah"]
[Site "Braunfels"]
[Round "2.5"]
[Result "0-1"]
[Date "2014.06.20"]
[WhiteElo "1849"]
[BlackElo "1996"]
[PlyCount "168"]
[EventDate "2014.06.19"]
[EventType "team-swiss"]
[EventRounds "5"]
[EventCountry "GER"]
[SourceTitle "EXT 2015"]
[Source "ChessBase"]
[SourceDate "2014.11.20"]
[SourceVersion "1"]
[SourceVersionDate "2014.11.20"]
[SourceQuality "1"]
[WhiteTeam "Sachsen (W)"]
[BlackTeam "Nordrhein Westfalen (W)"]
[WhiteTeamCountry "GER"]
[BlackTeamCountry "GER"]

1. e4 c5 2. Nf3 e6 3. d4 cxd4 4. Nxd4 Nc6 5. Nc3 Qc7 6. Be3 a6 7. Be2 Nf6 8. 0-0 Be7 9. f4 d6 10. Qe1 0-0 11. Kh1 b5 12. a3 Bb7 13. Bf3 Rad8 14. Rd1 Rfe8 15. Qf2 Rd7 16. g4 h6 17. g5 hxg5 18. fxg5 Nxd4 19. Bxd4 Nh7 20. h4 Bd8 21. Bh5 Rf8 22. Rd3 e5 23. Be3 Qc4 24. b3 Bxe4+ 25. Nxe4 Qxe4+ 26. Bf3 Qg6 27. Qg2 Rc7 28. Rfd1 Be7 29. Bb6 Rcc8 30. Bb7 Rb8 31. Bc7 Rxb7 32. Qxb7 e4 33. Rd4 f5 34. Bxd6 Bxd6 35. Qd5+ Kh8 36. Qxd6 Qh5 37. Qf4 Qe8 38. Rd8 Qf7 39. R8d7 Qh5 40. Rd8 Qf7 41. R8d5 Qe6 42. Qe5 Qg6 43. Rd6 Qh5 44. Qf4 Qe8 45. R1d5 Qc8 46. Rd2 Qc5 47. Rxa6 e3 48. Re2 Re8 49. Rd6 Re4 50. Rd8+ Nf8 51. Qh2 Qe7 52. Rb8 f4 53. Qh3 Qd6 54. Qf3 Re5 55. Ra8 Rd5 56. g6 Kg8 57. Kh2 Rd2 58. Kh3 Rxe2 59. Qxe2 Qxg6 60. Qg2 Qf5+ 61. Qg4 Qe4 62. Qc8 Qf3+ 63. Kh2 Qg3+ 64. Kh1 Qxh4+ 65. Kg1 Qf6 66. Qb7 Qg5+ 67. Qg2 Qh5 68. Rxf8+ Kxf8 69. Qa8+ Kf7 70. Qb7+ Kg6 71. Qe4+ Qf5 72. Qe8+ Kh6 73. Qh8+ Qh7 74. Qf8 Qg6+ 75. Kf1 Kg5 76. Qe7+ Kg4 77. Qd7+ Kg3 78. Qxb5 Qg4 79. Ke1 Kh2 80. Qf1 f3 81. a4 f2+ 82. Qxf2+ exf2+ 83. Kxf2 Qg2+ 84. Ke1 Qxc2 0-1

[Event "GER-ch U18 Girls"]
[White "Kuckling, Hannah"]
[Black "Polert, Annika"]
[Site "Magdeburg"]
[Round "5"]
[Result "1/2-1/2"]
[Date "2014.06.10"]
[WhiteElo "1979"]
[BlackElo "1785"]
[PlyCount "127"]
[EventDate "2014.06.08"]
[EventType "swiss"]
[EventRounds "9"]
[EventCountry "GER"]
[SourceTitle "CBM 160 Extra"]
[Source "ChessBase"]
[SourceDate "2014.07.01"]
[SourceVersion "1"]
[SourceVersionDate "2014.07.01"]
[SourceQuality "1"]

1. e4 c5 2. Nf3 Nc6 3. d4 cxd4 4. Nxd4 e5 5. Nb5 a6 6. Nd6+ Bxd6 7. Qxd6 Qf6 8. Qd2 Nge7 9. c4 d6 10. Nc3 0-0 11. Bd3 Rd8 12. 0-0 Nd4 13. b3 Ne6 14. Ne2 Ng6 15. Bb2 Ngf4 16. Nxf4 Nxf4 17. f3 h5 18. Rad1 Bd7 19. Bc2 Qg6 20. Kh1 h4 21. Rg1 Be6 22. Bd3 Nh5 23. Rge1 Nf4 24. Bf1 Qh5 25. Qf2 Rac8 26. Ba3 Rc6 27. Rd2 Qg5 28. Red1 Qe7 29. g3 hxg3 30. hxg3 Nh5 31. c5 Qg5 32. g4 Bxg4 33. fxg4 Qxg4 34. Qg2 Qh4+ 35. Qh2 Qg4 36. Bh3 Qxe4+ 37. Bg2 Qg4 38. Bxc6 Ng3+ 39. Kg1 bxc6 40. Rxd6 Qxd1+ 41. Rxd1 Rxd1+ 42. Kg2 Rd2+ 43. Kxg3 Rxh2 44. Kxh2 f6 45. Kg3 Kf7 46. Bc1 Ke6 47. Be3 g6 48. Kf3 Kd5 49. a3 f5 50. a4 Ke6 51. Bd2 Kf6 52. b4 Ke6 53. Ke3 Kd5 54. Kd3 f4 55. Be1 g5 56. b5 e4+ 57. Kc3 cxb5 58. axb5 axb5 59. c6 b4+ 60. Kxb4 Kxc6 61. Kc4 e3 62. Kd4 g4 63. Ke4 g3 64. Bxg3 1/2-1/2

[Event "GER-ch U18 Girls"]
[White "Siegl, Melina"]
[Black "Kuckling, Hannah"]
[Site "Magdeburg"]
[Round "4"]
[Result "1-0"]
[Date "2014.06.10"]
[WhiteElo "1848"]
[BlackElo "1979"]
[PlyCount "93"]
[EventDate "2014.06.08"]
[EventType "swiss"]
[EventRounds "9"]
[EventCountry "GER"]
[SourceTitle "CBM 160 Extra"]
[Source "ChessBase"]
[SourceDate "2014.07.01"]
[SourceVersion "1"]
[SourceVersionDate "2014.07.01"]
[SourceQuality "1"]

1. e4 c5 2. Nf3 e6 3. d4 cxd4 4. Nxd4 Nc6 5. Nc3 Qc7 6. g3 a6 7. Bg2 b5 8. 0-0 Bb7 9. Re1 Bb4 10. Bf4 Qb6 11. e5 Bc5 12. Be3 Bxd4 13. Bxd4 Qxd4 14. Qxd4 Nxd4 15. Bxb7 Rb8 16. Be4 Ne7 17. Rad1 Ndc6 18. Bg2 Nc8 19. f4 Ke7 20. Ne4 Rd8 21. Nc5 Rb6 22. Rd2 d6 23. exd6+ Rxd6 24. Red1 Rxd2 25. Rxd2 Nd6 26. b3 Nb8 27. Kf2 Nd7 28. Nxd7 Kxd7 29. c4 bxc4 30. bxc4 Rc6 31. Bxc6+ Kxc6 32. Rc2 Kc5 33. Ke3 f6 34. a3 h6 35. Kd3 Nc8 36. Re2 Kd6 37. Kd4 Ne7 38. c5+ Kd7 39. Kc4 Nc6 40. Rd2+ Kc7 41. Rd6 e5 42. Kd5 Nd8 43. Rxa6 exf4 44. gxf4 Kb7 45. c6+ Kb8 46. f5 Nf7 47. c7+ 1-0